The Complete works of Swami Vivekananda : Volume 2 (Record no. 94934)
[ view plain ]
| 000 -LEADER | |
|---|---|
| fixed length control field | 00633nam a2200205Ia 4500 |
| 008 - FIXED-LENGTH DATA ELEMENTS--GENERAL INFORMATION | |
| fixed length control field | 230125s9999 xx 000 0 und d |
| 020 ## - INTERNATIONAL STANDARD BOOK NUMBER | |
| International Standard Book Number | 978-81-7505-374-8 |
| 041 ## - LANGUAGE CODE | |
| Language code of text/sound track or separate title | eng |
| 082 ## - DEWEY DECIMAL CLASSIFICATION NUMBER | |
| Classification number | 823 |
| Item number | BOD |
| 100 ## - MAIN ENTRY--PERSONAL NAME | |
| Personal name | Bodhasarananda S (Pub.) |
| 9 (RLIN) | 112639 |
| 245 ## - TITLE STATEMENT | |
| Title | The Complete works of Swami Vivekananda : Volume 2 |
| 250 ## - EDITION STATEMENT | |
| Edition statement | 2nd Ed. |
| 260 ## - PUBLICATION, DISTRIBUTION, ETC. (IMPRINT) | |
| Date of publication, distribution, etc. | 2013 |
| Name of publisher, distributor, etc. | Bodhasarananda S |
| Place of publication, distribution, etc. | Kolkata |
| 300 ## - PHYSICAL DESCRIPTION | |
| Extent | 550 |
| 440 ## - SERIES STATEMENT/ADDED ENTRY--TITLE | |
| Title | The complete works of Swami Vivekananda |
| 9 (RLIN) | 117193 |
| 500 ## - GENERAL NOTE | |
| Keywords | English Literature;Literature;Swami Vivekananda; |
| 650 ## - SUBJECT ADDED ENTRY--TOPICAL TERM | |
| Topical term or geographic name as entry element | English Literature |
| 700 ## - ADDED ENTRY--PERSONAL NAME | |
| Personal name | Bodhasarananda S (Pub.) |
| 9 (RLIN) | 112639 |
| Withdrawn status | Lost status | Damaged status | Not for loan | Home library | Current library | Date acquired | Vendor | Cost, normal purchase price | Total Checkouts | Full call number | Barcode | Date last seen | Cost, replacement price | Bill Date | Koha item type | Original Barcode |
|---|---|---|---|---|---|---|---|---|---|---|---|---|---|---|---|---|
| Smt. Hiraben Nanavati Institute of Management & Research for Women | Smt. Hiraben Nanavati Institute of Management & Research for Women | 10/10/2017 | MKSSS | 70.63 | 823 BOD B15772 | HIMR-BK-15772 | 25/01/2023 | 70.63 | 15/11/2017 | Books | B15772 | |||||
| Smt. Hiraben Nanavati Institute of Management & Research for Women | Smt. Hiraben Nanavati Institute of Management & Research for Women | 10/10/2017 | MKSSS | 70.63 | 823 BOD B15773 | HIMR-BK-15773 | 25/01/2023 | 70.63 | 15/11/2017 | Books | B15773 | |||||
| Smt. Hiraben Nanavati Institute of Management & Research for Women | Smt. Hiraben Nanavati Institute of Management & Research for Women | 10/10/2017 | MKSSS | 70.63 | 823 BOD B15774 | HIMR-BK-15774 | 25/01/2023 | 70.63 | 15/11/2017 | Books | B15774 | |||||
| Smt. Hiraben Nanavati Institute of Management & Research for Women | Smt. Hiraben Nanavati Institute of Management & Research for Women | 10/10/2017 | MKSSS | 70.63 | 823 BOD B15775 | HIMR-BK-15775 | 25/01/2023 | 70.63 | 15/11/2017 | Books | B15775 | |||||
| Smt. Hiraben Nanavati Institute of Management & Research for Women | Smt. Hiraben Nanavati Institute of Management & Research for Women | 10/10/2017 | MKSSS | 70.63 | 823 BOD B15776 | HIMR-BK-15776 | 25/01/2023 | 70.63 | 15/11/2017 | Books | B15776 | |||||
| Smt. Hiraben Nanavati Institute of Management & Research for Women | Smt. Hiraben Nanavati Institute of Management & Research for Women | 10/10/2017 | MKSSS | 70.63 | 823 BOD B15777 | HIMR-BK-15777 | 25/01/2023 | 70.63 | 15/11/2017 | Books | B15777 | |||||
| Smt. Hiraben Nanavati Institute of Management & Research for Women | Smt. Hiraben Nanavati Institute of Management & Research for Women | 10/10/2017 | MKSSS | 70.63 | 823 BOD B15778 | HIMR-BK-15778 | 25/01/2023 | 70.63 | 15/11/2017 | Books | B15778 |